000 00615nam a2200181 i 4500
001 72699
003 ES-MaACL
005 20230906171527.0
007 t|
008 040902s1973 sp ||||1| spa d
100 1 _aGodard, Jean-Luc.
_957502
245 1 0 _aA bout de souffle
_b: vivre sa vie : une femme mariée : deux ou trois choses que je sais d'elle : La Chinoise /
_cJean-Luc Godard ; [traductor Miguel Marías].
260 _aMadrid :
_bAlianza,
_c[1973]
300 _a421 p. ;
_c18 cm.
700 1 _aMarías, Miguel.
_976692
852 _aES-MaACL
_jC-52890
_bR.86394
852 _aES-MaACL
_jE-7200
_bR.91690
999 _c72699
_d72699